| 000 | 00620nam a22002057a 4500 | ||
|---|---|---|---|
| 003 | 0 | ||
| 005 | 20250822150124.0 | ||
| 008 | 250822b xxu||||| |||| 00| 0 eng d | ||
| 020 | _a978-1-64725-496-4 | ||
| 050 |
_aPN 4731 _b.H84 2024 |
||
| 100 |
_aHughes, Kai, _eauthor. |
||
| 245 |
_aEssential journalism / _cKai Hughes. |
||
| 260 |
_aForest Hills, NY : _bNY Research Press, _c2024. |
||
| 300 |
_aviii, 227 pages : _bcolored illustrations ; _c27 cm. |
||
| 504 | _aIncludes bibliographical references and index. | ||
| 650 | _aJournalism. | ||
| 650 |
_aJournalism _xMethodology. |
||
| 650 | _aPress. | ||
| 942 |
_2lcc _cBK |
||
| 999 |
_c367583 _d367583 |
||